[Event "Benidorm Bali op-A"]
[Site "Benidorm"]
[Date "2003.11.21"]
[Round "1"]
[White "Stoeckmann, Helmut"]
[Black "Nicolaisen, Erik"]
[Result "1-0"]
[WhiteElo "2171"]
[BlackElo "2020"]
[PlyCount "87"]
[EventDate "2003.11.21"]
[EventType "swiss"]
[EventRounds "9"]
[EventCountry "ESP"]
[SourceTitle "CBM 097 Extra"]
[Source "ChessBase"]
[SourceDate "2004.01.13"]
[SourceVersion "1"]
[SourceVersionDate "2004.01.13"]
[SourceQuality "1"]

1. c4 b6 2. Nc3 e6 3. e4 Bb7 4. Nge2 f5 5. d3 Bc5 6. d4 Bb4 7. exf5 Nf6 8. fxe6 0-0 9. a3 Ng4 10. f3 Bxc3+ 11. Nxc3 Qh4+ 12. g3 Qf6 13. Bg2 Qxe6+ 14. Qe2 Bxf3 15. Qxe6+ dxe6 16. 0-0 Bxg2 17. Rxf8+ Kxf8 18. Kxg2 Nd7 19. h3 Ngf6 20. Bf4 c6 21. Re1 Re8 22. Bd6+ Kf7 23. b4 c5 24. dxc5 bxc5 25. b5 Rc8 26. Nd1 Nb6 27. Ne3 Ne8 28. Rf1+ Nf6 29. g4 Kg6 30. a4 Ne4 31. Be5 Nd2 32. Rc1 Nd7 33. Bb2 Ne4 34. Rd1 Ndf6 35. a5 h5 36. Be5 Re8 37. b6 axb6 38. axb6 Re7 39. Bc7 Nd7 40. b7 Nef6 41. b8Q Nxb8 42. Bxb8 Rb7 43. Be5 Rb2+ 44. Bxb2 1-0

[Event "Politiken Cup 23rd"]
[Site "Copenhagen"]
[Date "2001.07.23"]
[Round "9"]
[White "Nicolaisen, Erik"]
[Black "Skovgaard, Peter Nicolai"]
[Result "1-0"]
[WhiteElo "2015"]
[BlackElo "2130"]
[PlyCount "31"]
[EventDate "2001.07.16"]
[EventType "swiss"]
[EventRounds "11"]
[EventCountry "DEN"]
[SourceTitle "CBM 083 Extra"]
[Source "ChessBase"]
[SourceDate "2001.09.11"]
[SourceVersion "1"]
[SourceVersionDate "2001.09.11"]
[SourceQuality "1"]

1. e4 c5 2. Nf3 d6 3. d4 cxd4 4. Nxd4 Nf6 5. Nc3 g6 6. f4 Bg7 7. e5 dxe5 8. fxe5 Nd5 9. Bb5+ Kf8 10. Nxd5 Qxd5 11. 0-0 Bxe5 12. Bh6+ Kg8 13. Nf5 Qc5+ 14. Be3 Qc7 15. Nh6+ Kg7 16. Rxf7# 1-0

[Event "Norderstedt op2"]
[Site "Norderstedt"]
[Date "2000.10.31"]
[Round "6"]
[White "Bloess, Andre"]
[Black "Nicolaisen, Erik"]
[Result "1-0"]
[WhiteElo "2107"]
[BlackElo "2035"]
[PlyCount "85"]
[EventDate "2000.11.??"]
[EventType "swiss"]
[EventRounds "9"]
[EventCountry "GER"]
[SourceTitle "CBM 079 Extra"]
[Source "ChessBase"]
[SourceDate "2001.01.11"]
[SourceVersion "2"]
[SourceVersionDate "2001.01.25"]
[SourceQuality "1"]

1. c4 e5 2. Nc3 Nf6 3. e4 Nc6 4. d3 Be7 5. g3 d6 6. Bg2 Bg4 7. Nge2 0-0 8. 0-0 Qd7 9. f3 Be6 10. f4 Bh3 11. Nd5 Bxg2 12. Kxg2 Nd8 13. f5 c6 14. Nxf6+ Bxf6 15. Nc3 Qe7 16. h4 Re8 17. Qf3 Qc7 18. Be3 Be7 19. Qh5 Qd7 20. Kh2 f6 21. g4 Bf8 22. g5 Re7 23. Rg1 Kh8 24. Qg4 fxg5 25. hxg5 g6 26. Raf1 Kg8 27. Rg3 b6 28. Rh3 Nb7 29. Qh4 Rg7 30. Rhf3 Rd8 31. b4 Rc8 32. a4 Qc7 33. b5 cxb5 34. axb5 gxf5 35. Rxf5 Be7 36. Nd5 Qd7 37. Qg4 Qe8 38. Rf6 Rd8 39. Qe6+ Kh8 40. Rf7 Rd7 41. Rxg7 Nd8 42. Qxd7 Qxd7 43. Rxe7 1-0

[Event "Norderstedt op2"]
[Site "Norderstedt"]
[Date "2000.10.29"]
[Round "2"]
[White "Nicolaisen, Erik"]
[Black "Porth, Hartmut"]
[Result "0-1"]
[WhiteElo "2035"]
[BlackElo "2188"]
[PlyCount "90"]
[EventDate "2000.11.??"]
[EventType "swiss"]
[EventRounds "9"]
[EventCountry "GER"]
[SourceTitle "CBM 079 Extra"]
[Source "ChessBase"]
[SourceDate "2001.01.11"]
[SourceVersion "2"]
[SourceVersionDate "2001.01.25"]
[SourceQuality "1"]

1. e4 e6 2. d4 d5 3. Nd2 Nc6 4. Ngf3 Nf6 5. e5 Nd7 6. c3 f6 7. exf6 Qxf6 8. Bd3 Bd6 9. Nf1 e5 10. dxe5 Ndxe5 11. Be2 Nxf3+ 12. Bxf3 Ne7 13. Ng3 c6 14. 0-0 0-0 15. Be3 Ng6 16. Bxd5+ cxd5 17. Qxd5+ Qe6 18. Rad1 Qxd5 19. Rxd5 Bxg3 20. hxg3 Be6 21. Rd2 Rfd8 22. Rfd1 Rxd2 23. Rxd2 b6 24. a3 Kf7 25. Rd4 Rc8 26. Kf1 h6 27. f4 Ne7 28. Rd2 Nc6 29. Kf2 Rd8 30. Re2 Bg4 31. Rd2 Rxd2+ 32. Bxd2 Na5 33. Bc1 Ke6 34. Be3 Kd5 35. Bd4 g6 36. Be5 b5 37. Bg7 h5 38. Bd4 a6 39. Bg7 Nc4 40. b3 Nxa3 41. Ke3 Nb1 42. Bh8 a5 43. Bg7 a4 44. Bh8 Bf5 45. Kf3 Nd2+ 0-1

[Event "Politiken Cup 22nd"]
[Site "Copenhagen"]
[Date "2000.07.23"]
[Round "7"]
[White "Andersen, Frank"]
[Black "Nicolaisen, Erik"]
[Result "1-0"]
[WhiteElo "2215"]
[BlackElo "2035"]
[PlyCount "47"]
[EventDate "2000.07.17"]
[EventType "swiss"]
[EventRounds "11"]
[EventCountry "DEN"]
[SourceTitle "CBM 077 Extra"]
[Source "ChessBase"]
[SourceDate "2000.09.14"]
[SourceVersion "1"]
[SourceVersionDate "2000.09.14"]
[SourceQuality "1"]

1. e4 c5 2. d4 cxd4 3. c3 dxc3 4. Nxc3 Nc6 5. Nf3 d6 6. Bc4 a6 7. 0-0 Nf6 8. Qe2 e6 9. Rd1 Qc7 10. Bf4 Be7 11. e5 dxe5 12. Nxe5 Nxe5 13. Bxe5 Qc6 14. Nb5 0-0 15. Nc7 Ra7 16. Bd3 b6 17. Rac1 Qa4 18. Rc4 Qxa2 19. Rf4 Bd8 20. Rxf6 gxf6 21. Qg4+ Kh8 22. Bxf6+ Bxf6 23. Qh5 Kg7 24. Qxh7# 1-0

[Event "Budapest FS05 schev"]
[Site "Budapest"]
[Date "1998.??.??"]
[Round "?"]
[White "Baraz, Andras"]
[Black "Nicolaisen, Erik"]
[Result "1/2-1/2"]
[WhiteElo "2165"]
[BlackElo "2035"]
[PlyCount "36"]
[EventDate "1998.05.??"]
[EventType "schev"]
[EventRounds "9"]
[EventCountry "HUN"]
[SourceTitle "EXT 2004"]
[Source "ChessBase"]
[SourceDate "2003.11.25"]
[SourceVersion "1"]
[SourceVersionDate "2003.11.25"]
[SourceQuality "1"]

1. d4 d5 2. c4 Nc6 3. cxd5 Qxd5 4. Nf3 e5 5. Nc3 Bb4 6. Bd2 Bxc3 7. Bxc3 e4 8. Ne5 Nxe5 9. dxe5 Ne7 10. e3 0-0 11. Be2 Be6 12. 0-0 Nc6 13. Qa4 Nxe5 14. Rfd1 Nd3 15. Qd4 Qxd4 16. exd4 Rfd8 17. Bxd3 exd3 18. Rac1 Rd7 1/2-1/2

[Event "Budapest FS05 schev"]
[Site "Budapest"]
[Date "1998.??.??"]
[Round "?"]
[White "Mosonyi, Istvan"]
[Black "Nicolaisen, Erik"]
[Result "1/2-1/2"]
[WhiteElo "2110"]
[BlackElo "2035"]
[PlyCount "96"]
[EventDate "1998.05.??"]
[EventType "schev"]
[EventRounds "9"]
[EventCountry "HUN"]
[SourceTitle "EXT 2004"]
[Source "ChessBase"]
[SourceDate "2003.11.25"]
[SourceVersion "1"]
[SourceVersionDate "2003.11.25"]
[SourceQuality "1"]

1. c4 b6 2. e4 Bb7 3. Nc3 e6 4. d4 Bb4 5. Qd3 Qh4 6. e5 Qe4+ 7. Qxe4 Bxc3+ 8. bxc3 Bxe4 9. h4 Ne7 10. f3 Bb7 11. Ba3 Nbc6 12. c5 0-0 13. Bd3 Rfe8 14. Ne2 Rad8 15. g4 Nc8 16. Kf2 d6 17. exd6 cxd6 18. cxb6 Nxb6 19. Rab1 Ba8 20. Bb5 Re7 21. Rhd1 Rc7 22. c4 d5 23. c5 Nd7 24. Nc3 Rb8 25. Ke3 h6 26. Ba6 Rxb1 27. Rxb1 Ndb8 28. Bd3 Rb7 29. Rxb7 Bxb7 30. f4 Ba6 31. Nb5 Kf8 32. g5 h5 33. Be2 g6 34. Bd3 Ke7 35. Nd6 Bxd3 36. Kxd3 Na6 37. Kc3 Nc7 38. Bb4 Na6 39. Ba3 Nc7 40. Bb2 Ne8 41. Nb5 a6 42. Na3 Ng7 43. Nc2 Nf5 44. Kd3 Nxh4 45. Ke3 Nf5+ 46. Kf3 Kd7 47. a4 Kc7 48. Ba3 Kd7 1/2-1/2

[Event "Koge op-A"]
[Site "Koge"]
[Date "1997.??.??"]
[Round "1"]
[White "Hillarp Persson, Tiger"]
[Black "Nicolaisen, Erik"]
[Result "1-0"]
[WhiteElo "2445"]
[BlackElo "2035"]
[PlyCount "67"]
[EventDate "1997.??.??"]
[EventType "swiss"]
[EventRounds "9"]
[EventCountry "DEN"]
[SourceTitle "EXT 2000"]
[Source "ChessBase"]
[SourceDate "1999.11.16"]
[SourceVersion "1"]
[SourceVersionDate "1999.11.16"]
[SourceQuality "1"]

1. d4 Nf6 2. c4 e5 3. dxe5 Ng4 4. Bf4 Bb4+ 5. Nd2 Nc6 6. Ngf3 Qe7 7. e3 Ngxe5 8. Nxe5 Nxe5 9. Be2 0-0 10. 0-0 Bxd2 11. Qxd2 d6 12. b4 b6 13. c5 Bb7 14. cxd6 cxd6 15. Rfd1 Rfd8 16. a4 Qf6 17. Bg3 Rac8 18. Rac1 Rxc1 19. Rxc1 Qe7 20. Qb2 Ba8 21. Qc3 Bb7 22. Qc7 Kf8 23. Bb5 a6 24. Bf1 Qxc7 25. Rxc7 Bd5 26. Bxa6 Nc6 27. f3 Nxb4 28. Bb5 Be6 29. e4 d5 30. Bh4 f6 31. e5 d4 32. exf6 gxf6 33. Bxf6 Nd5 34. Bxd8 1-0

[Event "Skolernes CC op"]
[Site "Aarhus"]
[Date "1997.??.??"]
[Round "4"]
[White "Nicolaisen, Erik"]
[Black "Christensen, Jan"]
[Result "0-1"]
[WhiteElo "2035"]
[BlackElo "2200"]
[PlyCount "72"]
[EventDate "1997.??.??"]
[EventType "swiss"]
[EventRounds "9"]
[EventCountry "DEN"]
[SourceTitle "EXT 1999"]
[Source "ChessBase"]
[SourceDate "1998.11.16"]
[SourceVersion "1"]
[SourceVersionDate "1998.11.16"]
[SourceQuality "1"]

1. e4 e5 2. Nf3 Nc6 3. Nc3 Bb4 4. Nd5 Ba5 5. Bc4 d6 6. h3 Nf6 7. Qe2 0-0 8. 0-0 Nb4 9. Nxb4 Bxb4 10. c3 Ba5 11. d3 Qe7 12. Bg5 h6 13. Bd2 c6 14. Bb3 Re8 15. Rfe1 Bc7 16. Rad1 d5 17. Bc1 Be6 18. exd5 Bxd5 19. c4 Be6 20. Nd2 Nh7 21. Bc2 c5 22. Ne4 f5 23. Ng3 Qf7 24. b3 Bd7 25. Qf3 Rab8 26. h4 Rf8 27. Bb2 Bc6 28. Qe2 Rbe8 29. a4 Qf6 30. h5 Qh4 31. Bc3 Ng5 32. b4 f4 33. Ne4 f3 34. Qe3 Nh3+ 35. Kf1 Nf4 36. Qxf3 Qh1# 0-1